<?xml version="1.0" encoding="UTF-8"?>
<record
    xmlns:xsi="http://www.w3.org/2001/XMLSchema-instance"
    xsi:schemaLocation="http://www.loc.gov/MARC21/slim http://www.loc.gov/standards/marcxml/schema/MARC21slim.xsd"
    xmlns="http://www.loc.gov/MARC21/slim">

  <leader>00203nam a2200085   4500</leader>
  <controlfield tag="001">1255926</controlfield>
  <controlfield tag="005">20251216141646.0</controlfield>
  <datafield tag="245" ind1=" " ind2=" ">
    <subfield code="a">M&#xDC;SA&#x130;T B&#x130;R YERDE G&#xDC;LECEK VAR</subfield>
    <subfield code="c">M&#x130;NE SOTA</subfield>
  </datafield>
  <datafield tag="260" ind1=" " ind2=" ">
    <subfield code="b">T&#x130;MA&#x15E; YAYINLARI</subfield>
  </datafield>
  <datafield tag="999" ind1=" " ind2=" ">
    <subfield code="c">1255926</subfield>
    <subfield code="d">1255926</subfield>
  </datafield>
  <datafield tag="952" ind1=" " ind2=" ">
    <subfield code="0">0</subfield>
    <subfield code="1">0</subfield>
    <subfield code="2">ddc</subfield>
    <subfield code="4">0</subfield>
    <subfield code="7">0</subfield>
    <subfield code="a">1057</subfield>
    <subfield code="b">1057</subfield>
    <subfield code="d">2025-12-16</subfield>
    <subfield code="l">0</subfield>
    <subfield code="o">&#xD6;3</subfield>
    <subfield code="p">10571581</subfield>
    <subfield code="r">2025-12-16 14:17:01</subfield>
    <subfield code="w">2025-12-16</subfield>
    <subfield code="y">BK</subfield>
  </datafield>
</record>
